00485nam a2200193 a 4500001001300000003000900013005001700022008004100039020001000080082001300090100001500103245004300118260003200161300000900193500003500202505001500237650002400252700001500276nice12345678IN_TiNIC20260116011726.0050524s1964 lona grp 000 0 eng  ac10000a242bLEW aLewis, C S aLetters to Malcolmb Chiefly on Prayer aLondonbGeoffrey Blesc1964 a159p aincludes index and biblioraphy2 aIll, Index aPrayer-Christianity1 aLewis, C S